à quelle équipe appartient ce joueur ? Valorant édition - Statistiques

Statistiques générales
  • Ce quiz a été pris 350 fois
  • Le résultat moyen est 7 sur 15
Statistiques - réponses
Hint Réponse % Correct
TenZ Sentinels
81%
Takas Gentle mates
79%
Derke Fnatic
65%
Hyp Mendatory
63%
Matrix Karmine corp
48%
Xeppaa Cloud9
44%
Shao Natus Vicere
43%
RunneR Vitality
43%
Apo Solary
42%
Leaf G2
41%
BaddyG Ascend
40%
Karon Gen G
37%
RodeN 3Dmax
35%
Tuyz Loud
34%
Daiki Team Liquid
10%
Aucun quiz correspondant
Distribution des résultats
% des personnes avec chaque résultat
Percentile par nombre de réponses
Votre historique - résultats
Vous n’avez pas pris ce quiz